UBT Library

A graphical approach to college algebra and trigonometry. (Record no. 43236)

000 -LEADER
fixed length control field 00642cam a2200217 a 4500
001 - CONTROL NUMBER
control field 13930813
005 - DATE AND TIME OF LATEST TRANSACTION
control field 20180223070638.0
008 - FIXED-LENGTH DATA ELEMENTS--GENERAL INFORMATION
fixed length control field 050415s2007 maua 001 0 eng
010 ## - LIBRARY OF CONGRESS CONTROL NUMBER
LC control number 2005047688
020 ## - INTERNATIONAL STANDARD BOOK NUMBER
International Standard Book Number 0321356950
040 ## - CATALOGING SOURCE
Original cataloging agency DLC
Transcribing agency DLC
Modifying agency DLC
041 ## - LANGUAGE CODE
Language code of text/sound track or separate title eng
080 ## - UNIVERSAL DECIMAL CLASSIFICATION NUMBER
Universal Decimal Classification number 512.13 LIA
082 00 - DEWEY DECIMAL CLASSIFICATION NUMBER
Classification number 512.13 LIA
Edition number 22
100 1# - Rafti
Rafti 36
101 ## - Shkurtesa
Shkurtesa MAT
245 12 - TITLE STATEMENT
Title A graphical approach to college algebra and trigonometry.
906 ## - LOCAL DATA ELEMENT F, LDF (RLIN)
a 7
b cbc
c orignew
d 1
e ocip
f 20
g y-gencatlg
942 ## - ADDED ENTRY ELEMENTS (KOHA)
Source of classification or shelving scheme
Item type Books
Holdings
Withdrawn status Lost status Source of classification or shelving scheme Damaged status Not for loan Collection code Permanent location Current location Shelving location Date acquired Total Checkouts Full call number Barcode Date last seen Price effective from Koha item type
          Koleksioni i përgjithshem UBT - Lipjan UBT - Lipjan Koleksioni i përgjithshem 02/23/2018   512.13 LIA 002-2999599 02/23/2018 02/23/2018 Books
UBT Library © 2015-2024. All rights reserved University Education for Business and Technology